[Event "Plzen, JF C"]
[Site "?"]
[Date "1999.??.??"]
[Round "5.5"]
[White "Hrbolka, L.sr"]
[Black "Dolezal, R.jr"]
[Result "1/2-1/2"]
[WhiteElo "2140"]
[BlackElo "2285"]
[PlyCount "84"]
[EventDate "1999.??.??"]
[Source "ChessBase"]
[SourceDate "1996.11.15"]

1. d4 Nf6 2. Nf3 e6 3. c4 b6 4. g3 Bb7 5. Bg2 Be7 6. O-O O-O 7. Nc3 d6 8. Qc2
c5 9. dxc5 bxc5 10. Rd1 Qb6 11. b3 h6 12. Bb2 Rd8 13. Rac1 Nc6 14. e3 Rab8 15.
Qe2 Nb4 16. Ne1 Bxg2 17. Nxg2 Qb7 18. Nf4 Bf8 19. Nd3 a6 20. f3 Nc6 21. Na4 Nd7
22. Rd2 Nb6 23. Nxb6 Qxb6 24. Bc3 Rb7 25. Nb2 d5 26. Na4 Qa7 27. Kg2 d4 28.
Rcd1 e5 29. Rd3 Rbd7 30. Be1 Kh8 31. Nb2 f5 32. e4 f4 33. g4 g5 34. R3d2 Rh7
35. Nd3 h5 36. Nf2 hxg4 37. Nxg4 Qf7 38. Kg1 Bd6 39. Rb2 Rb8 40. Rdb1 Qg6 41.
Qc2 a5 42. Qg2 Kg7 1/2-1/2

[Event "Plzen, JF C"]
[Site "?"]
[Date "1999.??.??"]
[Round "5.6"]
[White "Civin, T."]
[Black "Satransky, J."]
[Result "1-0"]
[WhiteElo "2278"]
[BlackElo "2182"]
[PlyCount "41"]
[EventDate "1999.??.??"]
[Source "ChessBase"]
[SourceDate "1996.11.15"]

1. d4 c5 2. d5 Nf6 3. Nf3 e6 4. c4 b5 5. Bg5 Bb7 6. e4 bxc4 7. Nc3 Qa5 8. Bxf6
gxf6 9. Bxc4 Bg7 10. O-O a6 11. Nh4 Qb4 12. Qe2 Rg8 13. Rad1 f5 14. exf5 Bf6 {#
} 15. fxe6 Rg7 16. exf7+ Kxf7 17. Rfe1 Bxh4 18. Qe8+ Kf6 19. Re6+ dxe6 20.
Qxe6+ Kg5 21. f4+ 1-0

[Event "Plzen, JF C"]
[Site "?"]
[Date "1999.??.??"]
[Round "5.7"]
[White "Hrbolka, L jr"]
[Black "Miskovsky, P."]
[Result "0-1"]
[WhiteElo "2099"]
[BlackElo "2232"]
[PlyCount "54"]
[EventDate "1999.??.??"]
[Source "ChessBase"]
[SourceDate "1996.11.15"]

1. e4 e5 2. Nf3 d6 3. d4 Nf6 4. Nc3 Nbd7 5. Bc4 Be7 6. O-O O-O 7. h3 c6 8. Bb3
a6 9. a4 b6 10. Be3 Qc7 11. Nh4 exd4 12. Bxd4 Nc5 13. Bxc5 bxc5 14. f4 c4 15.
Bxc4 d5 16. exd5 cxd5 17. Bb3 Ne4 18. Nxe4 dxe4 19. Qh5 g6 20. Qh6 Be6 21. f5
Bxb3 22. cxb3 Bf6 23. Rac1 Qg3 24. fxg6 fxg6 25. Rxf6 Rxf6 26. Rc3 Qe1+ 27. Kh2
Raf8 0-1

[Event "Plzen, JF C"]
[Site "?"]
[Date "1999.??.??"]
[Round "5.8"]
[White "Cernousek, L."]
[Black "Zelezny, J."]
[Result "1-0"]
[WhiteElo "2203"]
[BlackElo "1903"]
[PlyCount "38"]
[EventDate "1999.??.??"]
[Source "ChessBase"]
[SourceDate "1996.11.15"]

1. e4 c6 2. d4 d5 3. exd5 cxd5 4. c4 g6 5. Nc3 Nf6 6. cxd5 Bg7 7. Qb3 O-O 8.
Nge2 Na6 9. g3 Bg4 10. Bg2 Bxe2 11. Nxe2 Qd6 12. O-O Qb4 13. d6 Qxd6 14. Bf4
Qd7 15. Qxb7 Qa4 16. Qb3 Qa5 17. Bxa8 Rxa8 18. Qb7 Rd8 19. b4 Qh5 1-0

[Event "Plzen, JF C"]
[Site "?"]
[Date "1999.??.??"]
[Round "5.9"]
[White "Cervinka, M."]
[Black "Orsag, M."]
[Result "0-1"]
[WhiteElo "2044"]
[BlackElo "2185"]
[PlyCount "40"]
[EventDate "1999.??.??"]
[Source "ChessBase"]
[SourceDate "1996.11.15"]

1. Nf3 d5 2. g3 c5 3. d4 cxd4 4. Nxd4 e5 5. Nf3 Nc6 6. Bg2 Nf6 7. O-O Be7 8.
Nbd2 O-O 9. Nb3 h6 10. c3 Be6 11. Be3 b6 12. h3 Qd7 13. Kh2 g5 14. Nfd2 Nh5 15.
Bf3 Ng7 16. Bg2 Bd6 17. Nf3 f5 18. Rc1 f4 19. gxf4 gxf4 20. Bd2 e4 0-1

[Event "Plzen, JF C"]
[Site "?"]
[Date "1999.??.??"]
[Round "5.10"]
[White "Brazdil, R."]
[Black "Novotny, J."]
[Result "1-0"]
[WhiteElo "2183"]
[BlackElo "2178"]
[PlyCount "81"]
[EventDate "1999.??.??"]
[Source "ChessBase"]
[SourceDate "1996.11.15"]

1. e4 e6 2. d4 d6 3. Nc3 Ne7 4. Nf3 Nd7 5. Bc4 Nb6 6. Bd3 g6 7. Be3 Bg7 8. Qd2
h6 9. O-O-O Bd7 10. Rhe1 Rc8 11. e5 d5 12. g4 Nc6 13. h4 Bf8 14. Kb1 Bb4 15.
Bxh6 Ne7 16. h5 gxh5 17. gxh5 Na4 18. Bg7 Bxc3 19. bxc3 c5 20. Ka1 Qa5 21. Rb1
Nxc3 22. Rb2 Rxh5 23. dxc5 Qxc5 24. Bh6 d4 25. Ng5 Ned5 26. Rg1 Ke7 27. Nxf7
Rg8 28. Qe1 Rxg1 29. Qxg1 Be8 30. Rxb7+ Nc7 31. Nd6 Qxe5 32. Nxe8 Rxh6 33. Nxc7
Qh8 34. Nb5+ Kf6 35. Kb2 Na4+ 36. Ka3 Nc5 37. Rxa7 Qf8 38. Nd6 Ke5 39. Nf7+ Kd5
40. Qg2+ Ne4+ 41. Ka4 1-0

[Event "Plzen, JF C"]
[Site "?"]
[Date "1999.??.??"]
[Round "5.11"]
[White "Eretova, J."]
[Black "Matejka, P."]
[Result "1/2-1/2"]
[WhiteElo "2177"]
[BlackElo "2083"]
[PlyCount "86"]
[EventDate "1999.??.??"]
[Source "ChessBase"]
[SourceDate "1996.11.15"]

1. e4 c5 2. Nf3 d6 3. c3 Nf6 4. Bd3 Nc6 5. h3 e5 6. Bc2 Be7 7. O-O O-O 8. Re1
a6 9. d4 cxd4 10. cxd4 exd4 11. Nxd4 Nxd4 12. Qxd4 Be6 13. Nc3 Qa5 14. Be3 Rac8
15. Rad1 b5 16. Bb1 Rfe8 17. Nd5 Nxd5 18. exd5 Bd7 19. Bd2 Qd8 20. Qf4 Rc4 21.
Qf3 Bf6 22. b3 Rxe1+ 23. Rxe1 Rc8 24. Bf4 Qb6 25. Be3 Qc7 26. Bf5 Be5 27. g3 g6
28. Bxd7 Qxd7 29. Kg2 Rc2 30. Bh6 f5 31. Bf4 Rc3 32. Re3 Rxe3 33. Qxe3 Qb7 34.
Qd3 Bxf4 35. gxf4 Kf7 36. Qd4 h5 37. Kg3 Qa8 38. a4 bxa4 39. bxa4 a5 40. Qc4
Qb7 41. Kf3 h4 42. Qc6 Qb3+ 43. Kg2 Qb4 1/2-1/2

[Event "Plzen, JF C"]
[Site "?"]
[Date "1999.??.??"]
[Round "5.12"]
[White "Chrz, P."]
[Black "Neuman, P."]
[Result "1-0"]
[WhiteElo "2121"]
[BlackElo "2384"]
[PlyCount "89"]
[EventDate "1999.??.??"]
[Source "ChessBase"]
[SourceDate "1996.11.15"]

1. e4 c5 2. Nf3 e6 3. d4 cxd4 4. Nxd4 Nf6 5. Nc3 d6 6. Bc4 a6 7. Bb3 b5 8. a3
Be7 9. Qf3 Qc7 10. Qg3 Nc6 11. Be3 O-O 12. O-O-O Bb7 13. Bh6 Ne8 14. f4 Nxd4
15. Rxd4 Qc5 16. Rhd1 Bf6 17. R4d3 Kh8 18. Bg5 h6 19. Bxf6 Nxf6 20. Qe1 Ne8 21.
g4 g5 22. e5 dxe5 23. fxg5 hxg5 24. Rh3+ Kg7 25. Rh5 e4 26. Nxe4 Bxe4 27. Qxe4
Nf6 28. Qg2 Nxh5 29. gxh5 Rad8 30. Rg1 Qe3+ 31. Kb1 Kh6 32. h4 Rg8 33. Rf1 f5
34. Qc6 Qe4 35. Qxa6 Kxh5 36. Bxe6 Qe2 37. Bf7+ Kxh4 38. Rh1+ Kg3 39. Bxg8 Rxg8
40. Qd6+ f4 41. Rg1+ Kf2 42. Rd1 Kf3 43. Rd3+ Kg4 44. Qd7+ Kh5 45. Qf7+ 1-0

[Event "Plzen, JF C"]
[Site "?"]
[Date "1999.??.??"]
[Round "5.13"]
[White "Dolezal, R sr"]
[Black "Michalek, J."]
[Result "0-1"]
[WhiteElo "2035"]
[BlackElo "2330"]
[PlyCount "94"]
[EventDate "1999.??.??"]
[Source "ChessBase"]
[SourceDate "1996.11.15"]

1. e4 c5 2. c3 d5 3. exd5 Qxd5 4. d4 e6 5. Nf3 cxd4 6. cxd4 Nf6 7. Bd3 Nc6 8.
O-O Be7 9. Nc3 Qd8 10. Be3 O-O 11. Rc1 Nb4 12. Bb1 b6 13. Ne5 Bb7 14. a3 Nbd5
15. Nxd5 Qxd5 16. f3 Rac8 17. Qd3 Rfd8 18. Rxc8 Rxc8 19. Rc1 Qd8 20. Rxc8 Qxc8
21. b4 g6 22. Kf2 Nd5 23. Bd2 Bf6 24. Ba2 Ne7 25. Ng4 Bg7 26. Bg5 Nd5 27. Bxd5
Bxd5 28. Nf6+ Kh8 29. Nxd5 exd5 30. b5 Kg8 31. Ke2 Qe6+ 32. Qe3 Bxd4 33. Qxe6
fxe6 34. Bf4 e5 35. Kd3 Kf7 36. Bg3 Ke6 37. h3 Bc5 38. a4 h5 39. Be1 Kf5 40.
g4+ Kf4 41. Ke2 e4 42. fxe4 dxe4 43. gxh5 gxh5 44. Bh4 Ke5 45. Bg3+ Kd5 46. Bb8
Kc4 47. Kd2 Kb4 0-1

[Event "Plzen, JF C"]
[Site "?"]
[Date "1999.??.??"]
[Round "5.14"]
[White "Korenova, M."]
[Black "Falout, L."]
[Result "1-0"]
[WhiteElo "2285"]
[BlackElo "2129"]
[PlyCount "57"]
[EventDate "1999.??.??"]
[Source "ChessBase"]
[SourceDate "1996.11.15"]

1. e4 e6 2. d4 d5 3. Nd2 dxe4 4. Nxe4 Nd7 5. Nf3 Ngf6 6. Ng3 c5 7. Be2 b6 8.
O-O Bb7 9. a3 Rc8 10. Re1 Be7 11. dxc5 Rxc5 12. Be3 Rc8 13. Nd4 O-O 14. c4 a6
15. Rc1 Qc7 16. Bf3 Ne5 17. Bxb7 Qxb7 18. Qe2 Rfd8 19. Red1 Kf8 20. Bg5 Ng6 21.
h4 Rc5 22. b4 Re5 23. Qf3 Qc7 24. Nc6 Rc8 25. Nxe5 Nxe5 26. Qe2 Nxc4 27. Nh5
Nd5 28. Bxe7+ Nxe7 29. Rxc4 1-0

[Event "Plzen, JF C"]
[Site "?"]
[Date "1999.??.??"]
[Round "5.15"]
[White "Hlavnicka, J."]
[Black "Palkova, H."]
[Result "1-0"]
[WhiteElo "2239"]
[BlackElo "2054"]
[PlyCount "77"]
[EventDate "1999.??.??"]
[Source "ChessBase"]
[SourceDate "1996.11.15"]

1. Nf3 c5 2. c4 Nc6 3. Nc3 g6 4. d4 cxd4 5. Nxd4 Bg7 6. e3 a6 7. Be2 Nf6 8. O-O
O-O 9. Nc2 b6 10. e4 Bb7 11. Be3 d6 12. Rc1 Rc8 13. f3 Na5 14. Na3 Nd7 15. Qd2
Nc6 16. Nd5 Ba8 17. Rfd1 Rb8 18. Bh6 Na5 19. Bxg7 Kxg7 20. Qd4+ e5 21. Qd2 Bxd5
22. cxd5 b5 23. b4 Nb7 24. Rc6 a5 25. Nxb5 axb4 26. Nxd6 Nxd6 27. Rxd6 f5 28.
exf5 Rxf5 29. Qc2 Rf7 30. Rc6 Qg5 31. Qd2 Qh4 32. Rc7 b3 33. axb3 Rxb3 34. Bc4
Rb8 35. d6 Qf6 36. Bxf7 Qxf7 37. Qg5 Kg8 38. Re1 Rb2 39. Qd8+ 1-0

[Event "Plzen, JF C"]
[Site "?"]
[Date "1999.??.??"]
[Round "5.16"]
[White "Ungr, D."]
[Black "Hallerova, E."]
[Result "1-0"]
[WhiteElo "2008"]
[BlackElo "2152"]
[PlyCount "49"]
[EventDate "1999.??.??"]
[Source "ChessBase"]
[SourceDate "1996.11.15"]

1. e4 Nf6 2. Nc3 d5 3. e5 Ne4 4. d4 Nxc3 5. bxc3 Bf5 6. Bd3 Qd7 7. Ba3 Bg6 8.
Rb1 b6 9. Nf3 e6 10. Bxf8 Rxf8 11. O-O Bh5 12. c4 c6 13. Re1 Qe7 14. cxd5 cxd5
15. c4 Nd7 16. cxd5 exd5 17. Bf5 O-O-O 18. Qa4 Kb8 19. Re3 Bxf3 20. Rxf3 g6 21.
Ra3 Nxe5 22. Rxb6+ axb6 23. Qa8+ Kc7 24. Qa7+ Kd6 25. Qxb6+ 1-0

[Event "Plzen, JF C"]
[Site "?"]
[Date "1999.??.??"]
[Round "5.17"]
[White "Sladek, J."]
[Black "Nosek, F."]
[Result "1/2-1/2"]
[WhiteElo "2134"]
[BlackElo "1909"]
[PlyCount "21"]
[EventDate "1999.??.??"]
[Source "ChessBase"]
[SourceDate "1996.11.15"]

1. c4 e6 2. Nc3 Nf6 3. e4 d6 4. d4 Be7 5. Be2 O-O 6. Be3 Nbd7 7. f4 e5 8. fxe5
dxe5 9. d5 Bc5 10. Qd2 Qe7 11. O-O-O 1/2-1/2

[Event "Plzen, JF C"]
[Site "?"]
[Date "1999.??.??"]
[Round "5.18"]
[White "Foglar, S."]
[Black "Novak, P."]
[Result "0-1"]
[WhiteElo "2026"]
[BlackElo "2274"]
[PlyCount "110"]
[EventDate "1999.??.??"]
[Source "ChessBase"]
[SourceDate "1996.11.15"]

1. e4 c5 2. Nf3 Nc6 3. d4 cxd4 4. Nxd4 g6 5. c4 Bg7 6. Be3 Nf6 7. Nc3 Ng4 8.
Qxg4 Nxd4 9. Qd1 Ne6 10. Rc1 Qa5 11. Qd2 b6 12. Be2 Bb7 13. Bf3 d6 14. O-O g5
15. Qe2 Be5 16. g3 h6 17. Rfd1 Rc8 18. Bg4 h5 19. Bxe6 fxe6 20. a3 g4 21. Bd4
Bxd4 22. Rxd4 Qe5 23. Rcd1 Kd7 24. b3 Rcf8 25. R4d3 Rf6 26. Re3 Rhf8 27. Rf1
Rf3 28. Qd3 h4 29. Nd1 hxg3 30. hxg3 Qh5 31. Rfe1 Rh8 32. Kf1 Rhf8 33. Ke2 Qe5
34. Kd2 Qa1 35. b4 Ba6 36. b5 Bb7 37. Rxf3 Rxf3 38. Re3 Qa2+ 39. Ke1 Rxe3+ 40.
Nxe3 Qa1+ 41. Nd1 e5 42. Ke2 Ke6 43. Ke1 Qd4 44. Kd2 Bxe4 45. Qxd4 exd4 46. Nb2
d5 47. Ke1 Kd6 48. Ke2 Kc5 49. cxd5 Kxd5 50. Kd2 Kc5 51. f4 gxf3 52. Nd1 e5 53.
Nf2 Bh7 54. Ng4 e4 55. Nf6 e3+ 0-1

[Event "Plzen, JF C"]
[Site "?"]
[Date "1999.??.??"]
[Round "5.19"]
[White "Svarc, R."]
[Black "Papay, J."]
[Result "0-1"]
[WhiteElo "2180"]
[BlackElo "2044"]
[PlyCount "80"]
[EventDate "1999.??.??"]
[Source "ChessBase"]
[SourceDate "1996.11.15"]

1. c4 f5 2. Nc3 Nf6 3. g3 d6 4. Bg2 e5 5. d3 c6 6. Nf3 g6 7. O-O Bg7 8. Bg5 O-O
9. b4 h6 10. Bd2 Be6 11. b5 Qc7 12. Rb1 Nbd7 13. Qa4 Nc5 14. Qb4 Nfd7 15. a4 a5
16. Qa3 Kh7 17. Ne1 Rae8 18. f4 e4 19. Nd1 cxb5 20. Rxb5 b6 21. Nc3 exd3 22.
exd3 Bg8 23. Rb1 Nf6 24. Nb5 Qd8 25. Nf3 Ng4 26. Rfe1 d5 27. h3 Nf6 28. Ne5
dxc4 29. Nc6 Qxd3 30. Qxd3 Nxd3 31. Re7 Ne4 32. Be3 Rxe7 33. Nxe7 c3 34. Nxg8
Rxg8 35. Na3 Bf8 36. Nc2 Nb4 37. Rc1 Nxg3 38. Kf2 Ne4+ 39. Bxe4 fxe4 40. Bxb6
Nd3+ 0-1

[Event "Plzen, JF C"]
[Site "?"]
[Date "1999.??.??"]
[Round "5.20"]
[White "Koutecky, V."]
[Black "Stehlik, J."]
[Result "1/2-1/2"]
[WhiteElo "1962"]
[BlackElo "2125"]
[PlyCount "30"]
[EventDate "1999.??.??"]
[Source "ChessBase"]
[SourceDate "1996.11.15"]

1. e4 c5 2. Nf3 Nc6 3. Bb5 g6 4. O-O Bg7 5. Re1 Nh6 6. h3 O-O 7. c3 e5 8. d3 d6
9. d4 cxd4 10. Bxc6 bxc6 11. cxd4 f6 12. Be3 Nf7 13. Nc3 Bh6 14. Qd2 Bxe3 15.
Qxe3 Qb6 1/2-1/2

[Event "Plzen, JF C"]
[Site "?"]
[Date "1999.??.??"]
[Round "5.21"]
[White "Kovarik, J."]
[Black "Novacek, K."]
[Result "0-1"]
[WhiteElo "1851"]
[BlackElo "2102"]
[PlyCount "61"]
[EventDate "1999.??.??"]
[Source "ChessBase"]
[SourceDate "1996.11.15"]

1. Nf3 c5 2. c4 g6 3. g3 Bg7 4. Bg2 f5 5. Nc3 Nc6 6. O-O Nf6 7. e3 e5 8. d3 O-O
9. a3 a6 10. Rb1 Rb8 11. b4 cxb4 12. axb4 b5 13. Qb3 Kh8 14. c5 Qe7 15. e4 a5
16. bxa5 fxe4 17. dxe4 Qxc5 18. Ra1 b4 19. Be3 Qxc3 20. Qxc3 bxc3 21. a6 Rb5
22. Rfc1 Nxe4 23. Ne1 Nd2 24. Rxc3 Nb3 25. Ra3 Nbd4 26. Bxd4 exd4 27. Rxc6 dxc6
28. Bxc6 Bxa6 29. Bxb5 Bxb5 30. f4 Re8 31. Kf2 $138 0-1

[Event "Plzen, JF C"]
[Site "?"]
[Date "1999.??.??"]
[Round "5.22"]
[White "Cernik, L."]
[Black "Pinc, M."]
[Result "1-0"]
[WhiteElo "1903"]
[BlackElo "2140"]
[PlyCount "91"]
[EventDate "1999.??.??"]
[Source "ChessBase"]
[SourceDate "1996.11.15"]

1. e4 d6 2. d4 Nf6 3. Nc3 g6 4. f4 Bg7 5. Nf3 O-O 6. e5 dxe5 7. dxe5 Qxd1+ 8.
Nxd1 Ng4 9. Bc4 Nc6 10. Bd2 Rd8 11. Bc3 a6 12. h3 Nh6 13. Ne3 e6 14. a4 Nf5 15.
Nxf5 gxf5 16. Ke2 b6 17. b4 Bb7 18. Rhd1 Ne7 19. g3 Nd5 20. Be1 Bf8 21. c3 a5
22. b5 Bc5 23. Rd3 Kf8 24. Bf2 Bxf2 25. Kxf2 Ke8 26. Bxd5 Bxd5 27. Nd4 Be4 28.
Rd2 Rd5 29. c4 Rd7 30. Rad1 Rad8 31. Ke3 h5 32. h4 Bb7 33. c5 bxc5 34. Nb3 Rxd2
35. Rxd2 Bd5 36. Nxc5 Rb8 37. Rb2 Rb6 38. Nb3 Bxb3 39. Rxb3 c6 40. Kd4 Kd7 41.
Kc5 Kc7 42. Rd3 cxb5 43. axb5 Rb8 44. Rd6 a4 45. Ra6 Kb7 46. Rb6+ 1-0

[Event "Plzen, JF C"]
[Site "?"]
[Date "1999.??.??"]
[Round "5.23"]
[White "Vladyka, V."]
[Black "Snaidr, J."]
[Result "1/2-1/2"]
[WhiteElo "2082"]
[BlackElo "2022"]
[PlyCount "22"]
[EventDate "1999.??.??"]
[Source "ChessBase"]
[SourceDate "1996.11.15"]

1. e4 c5 2. Nf3 Nc6 3. d4 cxd4 4. Nxd4 Nf6 5. Nc3 d6 6. Be2 e5 7. Nb3 Be7 8.
O-O O-O 9. Be3 Be6 10. Bf3 a5 11. a4 Rc8 1/2-1/2

[Event "Plzen, JF C"]
[Site "?"]
[Date "1999.??.??"]
[Round "5.24"]
[White "Jenc, M."]
[Black "Muller, O."]
[Result "0-1"]
[WhiteElo "1871"]
[BlackElo "2143"]
[PlyCount "116"]
[EventDate "1999.??.??"]
[Source "ChessBase"]
[SourceDate "1996.11.15"]

1. e4 c5 2. Nf3 d6 3. d4 cxd4 4. Nxd4 Nf6 5. Nc3 g6 6. Be3 Bg7 7. f3 Nc6 8. Qd2
O-O 9. O-O-O Nxd4 10. Bxd4 Be6 11. Kb1 Qc7 12. Nd5 Bxd5 13. exd5 Rfc8 14. Bc3
Qb6 15. Ba5 Qc5 16. c4 b6 17. Bc3 Rab8 18. Rc1 Qc7 19. Be2 Qd7 20. g4 a6 21. h4
b5 22. Bd4 bxc4 23. Rxc4 Rxc4 24. Bxc4 Qa4 25. Qc2 Qxc2+ 26. Kxc2 Nxd5 27. Bxd5
Bxd4 28. b3 a5 29. h5 e6 30. Kd3 Bc5 31. Bc6 Rc8 32. Bd7 Rc7 33. Be8 Bb4 34.
hxg6 hxg6 35. Ra1 Rc3+ 36. Ke2 Kf8 37. Bb5 Rc2+ 38. Kd3 Rf2 39. Ke3 Bc5+ 40.
Kf4 Rg2 41. a3 d5 42. b4 Bd4 43. Rd1 f6 44. Rxd4 e5+ 45. Ke3 exd4+ 46. Kxd4
axb4 47. axb4 Rd2+ 48. Bd3 g5 49. Ke3 Rb2 50. b5 Ke7 51. f4 Kd6 52. fxg5 fxg5
53. Be2 Ke5 54. Bd3 Rb3 55. Kd2 Kd4 56. Bf1 Rb2+ 57. Kc1 Kc3 58. Bd3 Rh2 0-1

[Event "Plzen, JF C"]
[Site "?"]
[Date "1999.??.??"]
[Round "5.25"]
[White "Hercik, J."]
[Black "Kalista, K."]
[Result "1-0"]
[WhiteElo "1922"]
[BlackElo "1881"]
[PlyCount "83"]
[EventDate "1999.??.??"]
[Source "ChessBase"]
[SourceDate "1996.11.15"]

1. e4 g6 2. d4 Bg7 3. f4 c6 4. Nf3 d5 5. e5 Bg4 6. Bd3 e6 7. c3 Ne7 8. O-O Nf5
9. Bxf5 gxf5 10. Be3 Nd7 11. Nbd2 Qc7 12. h3 Bxf3 13. Qxf3 h5 14. Qg3 Bh6 15.
Qh4 Bf8 16. Nf3 Be7 17. Ng5 Qd8 18. g4 Bxg5 19. fxg5 fxg4 20. hxg4 Qe7 21. gxh5
O-O-O 22. Rf2 Rdg8 23. Raf1 Rh7 24. Rg2 Rgh8 25. h6 Rg8 26. Qh5 Nf8 27. Rf6 Ng6
28. Rgf2 Nh8 29. Kf1 Ng6 30. Qf3 Nh8 31. Bc1 Kd7 32. b3 Qe8 33. c4 Qe7 34. Rc2
Rc8 35. Qd3 Ng6 36. a3 Rhh8 37. Rcf2 Rh7 38. Bd2 b6 39. Bb4 c5 40. dxc5 bxc5
41. cxd5 cxb4 42. dxe6+ 1-0

[Event "Plzen, JF C"]
[Site "?"]
[Date "1999.??.??"]
[Round "5.26"]
[White "Korinek, B."]
[Black "Klatil, K."]
[Result "1/2-1/2"]
[WhiteElo "1895"]
[BlackElo "2088"]
[PlyCount "122"]
[EventDate "1999.??.??"]
[Source "ChessBase"]
[SourceDate "1996.11.15"]

1. d4 Nf6 2. Nf3 c5 3. c3 e6 4. e3 d5 5. Bd3 Nc6 6. O-O Bd6 7. dxc5 Bxc5 8.
Nbd2 e5 9. e4 O-O 10. Qc2 d4 11. Nb3 Bb6 12. cxd4 Nxd4 13. Nbxd4 Bxd4 14. Nxd4
Qxd4 15. Be3 Qd8 16. f3 b6 17. Rfd1 Qe7 18. Rac1 Rd8 19. Bf1 Be6 20. Rxd8+ Qxd8
21. Ba6 Ne8 22. b3 Qd6 23. Qc6 Qxc6 24. Rxc6 Rd8 25. Kf2 Kf8 26. Ke2 Ke7 27.
Bd2 Kd7 28. Rc2 Nc7 29. Bd3 f6 30. Bb4 Kc8 31. Ke3 Kb7 32. Be2 g6 33. g4 Rd7
34. Rd2 Rf7 35. Bc3 Kc6 36. g5 fxg5 37. Bxe5 h5 38. Rd6+ Kb7 39. Bc4 Bxc4 40.
bxc4 g4 41. f4 Na6 42. Rxg6 Nb4 43. Rg7 Rxg7 44. Bxg7 Nc2+ 45. Kf2 Na3 46. f5
Nxc4 47. f6 Ne5 48. Kg3 Kc6 49. Kf4 Kd6 50. Kf5 h4 51. Bf8+ Kd7 52. Bb4 g3 53.
hxg3 hxg3 54. Kxe5 g2 55. f7 g1=Q 56. f8=Q Qa1+ 57. Kf5 Qf1+ 58. Kg6 Qg2+ 59.
Kf7 Qxa2+ 60. Kg7 Qg2+ 61. Kh8 Qxe4 1/2-1/2

[Event "Plzen, JF C"]
[Site "?"]
[Date "1999.??.??"]
[Round "6.3"]
[White "Lechtynsky, J."]
[Black "Spal, M."]
[Result "1-0"]
[WhiteElo "2365"]
[BlackElo "2175"]
[PlyCount "51"]
[EventDate "1999.??.??"]
[Source "ChessBase"]
[SourceDate "1996.11.15"]

1. Nf3 d5 2. d4 Nc6 3. Bf4 Bg4 4. Nbd2 e6 5. c3 Bd6 6. Bxd6 cxd6 7. e3 Nf6 8.
Be2 O-O 9. O-O Qc7 10. h3 Bh5 11. Rc1 Rfc8 12. c4 dxc4 13. Nxc4 b5 14. Ncd2 a6
15. a4 bxa4 16. Qxa4 Qb7 17. Nc4 Ne8 18. Rc3 Bg6 19. Rfc1 Rcb8 20. Nxd6 Nxd6
21. Qxc6 Qe7 22. Ne5 Be4 23. Qc5 Rxb2 24. Nc4 Rc8 25. Qxd6 Qg5 26. Bf1 1-0

[Event "Plzen, JF C"]
[Site "?"]
[Date "1999.??.??"]
[Round "6.4"]
[White "Dolezal, R jr"]
[Black "Brazdil, R."]
[Result "1-0"]
[WhiteElo "2285"]
[BlackElo "2183"]
[PlyCount "53"]
[EventDate "1999.??.??"]
[Source "ChessBase"]
[SourceDate "1996.11.15"]

1. e4 Nf6 2. e5 Nd5 3. d4 d6 4. Nf3 g6 5. Bc4 c6 6. h3 dxe5 7. dxe5 Bg7 8. O-O
O-O 9. a4 a5 10. Qe2 e6 11. Nbd2 Qc7 12. Re1 Nd7 13. Nf1 N7b6 14. N1h2 Nxc4 15.
Qxc4 Bd7 16. Qh4 f6 17. exf6 Bxf6 18. Ng5 h5 19. Qe4 Kg7 20. Ra3 Qb6 21. Nhf3
Qc7 22. Nh4 Ne7 23. Rg3 Nf5 24. Nxe6+ Bxe6 25. Rxg6+ Kh7 26. Rh6+ Kg8 27. Qxe6+
1-0

[Event "Plzen, JF C"]
[Site "?"]
[Date "1999.??.??"]
[Round "6.5"]
[White "Orsag, M."]
[Black "Civin, T."]
[Result "0-1"]
[WhiteElo "2185"]
[BlackElo "2278"]
[PlyCount "102"]
[EventDate "1999.??.??"]
[Source "ChessBase"]
[SourceDate "1996.11.15"]

1. e4 c5 2. Nc3 Nc6 3. g3 g6 4. Bg2 Bg7 5. d3 d6 6. f4 e6 7. Nf3 Nge7 8. O-O
O-O 9. Be3 Rb8 10. Bf2 b5 11. Rb1 b4 12. Ne2 Qa5 13. g4 f5 14. gxf5 exf5 15.
Bh4 Qxa2 16. e5 dxe5 17. Nxe5 Qe6 18. d4 Nxe5 19. fxe5 cxd4 20. Nf4 Qd7 21. Re1
Bb7 22. Bxb7 Rxb7 23. Qf3 b3 24. cxb3 Qc6 25. Qd3 Nd5 26. Nxd5 Qxd5 27. Qc4 Rb5
28. Bf2 Qxc4 29. bxc4 Rxe5 30. Red1 Re4 31. b4 Rc8 32. c5 Rc6 33. Rb3 Kf7 34.
Rbd3 Ke6 35. Bxd4 Rxd4 36. Rxd4 Bxd4+ 37. Rxd4 a5 38. bxa5 Ra6 39. Rb4 Rxa5 40.
Rb7 h5 41. c6 Rc5 42. c7 h4 43. Rb6+ Kf7 44. Rb4 g5 45. Rb5 Rc1+ 46. Kg2 Rc2+
47. Kf3 Ke6 48. Rb6+ Kd7 49. Rg6 g4+ 50. Kf4 Rf2+ 51. Ke5 Kxc7 0-1

[Event "Plzen, JF C"]
[Site "?"]
[Date "1999.??.??"]
[Round "6.6"]
[White "Miskovsky, P."]
[Black "Hrbolka, L sr"]
[Result "1/2-1/2"]
[WhiteElo "2232"]
[BlackElo "2140"]
[PlyCount "52"]
[EventDate "1999.??.??"]
[Source "ChessBase"]
[SourceDate "1996.11.15"]

1. Nf3 Nf6 2. b3 g6 3. Bb2 Bg7 4. g4 O-O 5. g5 Nh5 6. Bxg7 Kxg7 7. Nc3 f6 8. h4
d5 9. d4 Bf5 10. e3 Nc6 11. a3 Qd7 12. Be2 a6 13. Nh2 b5 14. b4 Qd6 15. Bxh5
gxh5 16. Qxh5 Nxb4 17. axb4 Qxb4 18. Kd2 c5 19. Rhc1 Qc4 20. Qe2 cxd4 21. Qxc4
dxc4 22. gxf6+ Rxf6 23. exd4 Bxc2 24. Rg1+ Bg6 25. Ng4 Rf5 26. Ke3 b4 1/2-1/2

[Event "Plzen, JF C"]
[Site "?"]
[Date "1999.??.??"]
[Round "6.7"]
[White "Jirka, J."]
[Black "Cernousek, L."]
[Result "0-1"]
[WhiteElo "2173"]
[BlackElo "2203"]
[PlyCount "82"]
[EventDate "1999.??.??"]
[Source "ChessBase"]
[SourceDate "1996.11.15"]

1. d4 Nf6 2. g3 d5 3. Nf3 c5 4. Bg2 cxd4 5. O-O Nc6 6. Nxd4 e5 7. Nxc6 bxc6 8.
c4 Be6 9. Nc3 Rc8 10. Qa4 d4 11. Bxc6+ Rxc6 12. Qxc6+ Bd7 13. Qb7 dxc3 14. Bg5
Qc8 15. Qxc8+ Bxc8 16. b3 Ba3 17. Bc1 Bc5 18. a3 a5 19. Ra2 Ke7 20. b4 axb4 21.
axb4 Bxb4 22. Ba3 Bxa3 23. Rxa3 c2 24. Rc3 Bf5 25. f3 Rd8 26. e4 Bh3 27. Rxc2
Bxf1 28. Kxf1 Kd6 29. Rd2+ Kc7 30. Ra2 Kb6 31. Ke2 Ne8 32. Rb2+ Kc6 33. Rb5 f6
34. f4 Nc7 35. Ra5 exf4 36. gxf4 Rd4 37. Ke3 Rxc4 38. Rh5 h6 39. Rh4 Ne6 40.
Rg4 Rc3+ 41. Kd2 Rh3 0-1

[Event "Plzen, JF C"]
[Site "?"]
[Date "1999.??.??"]
[Round "6.8"]
[White "Matejka, P."]
[Black "Gross, S."]
[Result "0-1"]
[WhiteElo "2083"]
[BlackElo "2371"]
[PlyCount "130"]
[EventDate "1999.??.??"]
[Source "ChessBase"]
[SourceDate "1996.11.15"]

1. d4 Nf6 2. c4 g6 3. Nc3 Bg7 4. e4 O-O 5. Nf3 c6 6. Bg5 d5 7. cxd5 cxd5 8.
Bxf6 Bxf6 9. Nxd5 Bg7 10. Nc3 Bg4 11. d5 Qa5 12. Rc1 Nd7 13. Be2 Bxf3 14. Bxf3
Rac8 15. Qd2 Nb6 16. Be2 Nc4 17. Bxc4 Rxc4 18. O-O Rfc8 19. Rfd1 b5 20. a3 Bxc3
21. bxc3 Rxe4 22. d6 exd6 23. Qxd6 Rxc3 24. Rxc3 Qxc3 25. Qb8+ Kg7 26. Qxb5
Qxa3 27. g3 Re7 28. h4 h5 29. Kg2 Qc3 30. Qd5 a5 31. Rd3 Qb4 32. Rd4 Qb7 33.
Qxb7 Rxb7 34. Ra4 Ra7 35. Kf3 Kf6 36. Kf4 Ra8 37. f3 Ra7 38. g4 Ra6 39. gxh5
gxh5 40. Ke4 Ke6 41. Kf4 f6 42. Ke4 f5+ 43. Kf4 Kf6 44. Ke3 Ke5 45. Kd3 Rd6+
46. Ke3 Rd5 47. Ke2 Kd6 48. Ke3 Kc6 49. Kf4 Kb5 50. Ra1 a4 51. Kg5 Kb4 52. Kxh5
Rd3 53. f4 Rg3 54. Rb1+ Kc4 55. Rc1+ Kd4 56. Rb1 a3 57. Rb4+ Kc3 58. Ra4 Kb3
59. Ra8 a2 60. Rb8+ Kc2 61. Ra8 Kb2 62. Rb8+ Rb3 63. Ra8 Ra3 64. Rb8+ Kc2 65.
Rc8+ Kd2 0-1